| 000 | 00614nam a2200205 a 4500 | ||
|---|---|---|---|
| 005 | 20260415064207.0 | ||
| 008 | 010912s1997 es r 000 0 spa d | ||
| 020 | _a8427711875 | ||
| 035 | _aUPN01000111330 | ||
| 049 | _aCG | ||
| 050 | 4 |
_aLC5215 _bS2.8 |
|
| 100 | 1 |
_aSarrate Capdevila, María Luisa _931341 |
|
| 245 | 1 | 0 |
_aEducación de adultos : _bevaluación de centros y de experiencias / _cMaría Luisa Sarrate. |
| 260 |
_aMadrid : _bNarcea, _c1997 |
||
| 300 | _a202 p. | ||
| 440 | 0 | _aNarcea sociocultural | |
| 650 | 4 |
_aEducación de adultos _9956 |
|
| 650 | 4 |
_aEvaluación educativa _94298 |
|
| 905 | _aLibro | ||
| 999 |
_c85239 _d85239 |
||